000 00787aam a2200301 i 4500
001 768714001
003 CO-MdFUSB
005 20250520090151.0
007 ta
008 250520t1987 enk |||| |||| 00| 0 eng d
020 _a0-86760-039-X
040 _cCO-MdFUSB
041 0 _aeng
082 0 4 _223
_a248.4
_bB2185a
100 1 _aBanks, Robert (1939-)
_eautor
245 1 0 _aAll the business of life
_c/ Robert Banks
264 1 _bAn Albatross Book,
_aAustralia, England :
_c[1987]
264 4 _c©1987
300 _a176 páginas
336 _atexto
_btxt
_2rdacontent
337 _2rdamedia
_asin mediación
_bn
338 _2rdacarrier
_avolumen
_bnc
563 _aRústico
650 0 _aVida cristiana
_919
942 _cBK
945 _aJTF-925
999 _c35773
_d35773